000 00539nam a2200181Ia 4500
008 151018s9999 xx 000 0 und d
082 _bRBASDV18305
_a891.463
100 _aप्रभाकर भोगले
245 _aशाली
250 _b1
260 _bप्रिया प्रकाशन मुंबई
_c1984
300 _a271
600 _aप्रभाकर भोगले
630 _aशाली
700 _aप्रभाकर भोगले
730 _aशाली
942 _cBOOK
999 _c1018969
_d1018966